Tỷ phú "ba chân" /

Spremljeno u:
Bibliografski detalji
Glavni autor: Nguyễn Thanh.
Format: Članak
Jezik:Vietnamese
Teme:
Oznake: Dodaj oznaku
Bez oznaka, Budi prvi tko označuje ovaj zapis!
Thư viện lưu trữ: Thư viện Trường Đại học Đà Lạt
LEADER 00743nam a2200265 4500
001 DLU100106207
005 ##20100413
040 # # |a DLU  |b vie 
041 # # |a vie 
044 # # |a vn 
100 # # |a Nguyễn Thanh. 
245 # # |a Tỷ phú "ba chân" /  |c Nguyễn Thanh. 
653 # # |a Kinh tế tư nhân 
653 # # |a Nghề trồng cây cảnh 
653 # # |a Thương binh 
773 # # |t Tạp chí lao động và xã hội  |g Số1-2(327-328), 2008, tr. 93-94 
920 # # |a Phòng Tạp chí -- Trung tâm Thông tin - Thư viện Trường Đại học Đà Lạt 
994 # # |a DLU 
900 # # |a True 
911 # # |a Nguyễn Thị Linh Chi 
925 # # |a G 
926 # # |a A 
927 # # |a BB 
980 # # |a Thư viện Trường Đại học Đà Lạt